The Cambridge history of the Cold War / (Record no. 18937)
[ view plain ]
| 000 -LEADER | |
|---|---|
| fixed length control field | 01312nam a2200349 i 4500 |
| 001 - CONTROL NUMBER | |
| control field | 015869128 |
| 003 - CONTROL NUMBER IDENTIFIER | |
| control field | EG-ScBUE |
| 005 - DATE AND TIME OF LATEST TRANSACTION | |
| control field | 20230713100756.0 |
| 008 - FIXED-LENGTH DATA ELEMENTS--GENERAL INFORMATION | |
| fixed length control field | 110809r20142010enka f b 001 0 eng d |
| 020 ## - INTERNATIONAL STANDARD BOOK NUMBER | |
| International Standard Book Number | 9781107602298 (pbk.) |
| 020 ## - INTERNATIONAL STANDARD BOOK NUMBER | |
| International Standard Book Number | 9781107602311 |
| 020 ## - INTERNATIONAL STANDARD BOOK NUMBER | |
| International Standard Book Number | 9781107602304 |
| 040 ## - CATALOGING SOURCE | |
| Original cataloging agency | StDuBDS |
| Language of cataloging | eng |
| Description conventions | rda |
| Transcribing agency | StDuBDS |
| Modifying agency | EG-ScBUE |
| 082 04 - DEWEY DECIMAL CLASSIFICATION NUMBER | |
| Classification number | 909.825 |
| Edition number | 22 |
| Item number | CAM |
| 245 04 - TITLE STATEMENT | |
| Title | The Cambridge history of the Cold War / |
| Statement of responsibility, etc | edited by Melvyn P. Leffler, Odd Arne Westad. |
| 250 ## - EDITION STATEMENT | |
| Edition statement | Sixth printing. |
| 264 ## - PUBLICATION, DISTRIBUTION, ETC. (IMPRINT) | |
| Place of publication, distribution, etc | Cambridge, United Kingdom ; |
| -- | New York, United States : |
| Name of publisher, distributor, etc | Cambridge University Press, |
| Date of publication, distribution, etc | 2014. |
| 300 ## - PHYSICAL DESCRIPTION | |
| Extent | 3 volumes : |
| Other physical details | illustrations ; |
| Dimensions | 23 cm |
| 336 ## - CONTENT TYPE | |
| Source | rdacontent |
| Content type term | text |
| Content type code | txt |
| 337 ## - MEDIA TYPE | |
| Source | rdamedia |
| Media type term | unmediated |
| Media type code | n |
| 338 ## - CARRIER TYPE | |
| Source | rdacarrier |
| Carrier type term | volume |
| Carrier type code | nc |
| 504 ## - BIBLIOGRAPHY, ETC. NOTE | |
| Bibliography, etc | Includes bibliographical references and index.<br/> |
| 505 0# - FORMATTED CONTENTS NOTE | |
| Formatted contents note | Volume 1. Origins -- Volume 2. Crises and détente -- Volume 3. Endings. |
| 650 #7 - SUBJECT ADDED ENTRY--TOPICAL TERM | |
| Topical term or geographic name as entry element | Cold War. |
| Source of heading or term | BUEsh |
| 9 (RLIN) | 9785 |
| 650 #7 - SUBJECT ADDED ENTRY--TOPICAL TERM | |
| Topical term or geographic name as entry element | World politics |
| Chronological subdivision | 1945-1989. |
| Source of heading or term | BUEsh |
| 9 (RLIN) | 37083 |
| 650 #7 - SUBJECT ADDED ENTRY--TOPICAL TERM | |
| Topical term or geographic name as entry element | International relations |
| General subdivision | History |
| Chronological subdivision | 20th century. |
| Source of heading or term | BUEsh |
| 9 (RLIN) | 37084 |
| 653 ## - INDEX TERM--UNCONTROLLED | |
| Resource For college | BAEPS, Political Science |
| Arrived date list | January2015 |
| 655 ## - INDEX TERM--GENRE/FORM | |
| Form subdivision | Reading book |
| 700 1# - ADDED ENTRY--PERSONAL NAME | |
| Personal name | Leffler, Melvyn P., |
| Dates associated with a name | 1945- |
| 9 (RLIN) | 37085 |
| Relator term | editor. |
| 700 1# - ADDED ENTRY--PERSONAL NAME | |
| Personal name | Westad, Odd Arne |
| 9 (RLIN) | 37086 |
| Relator term | editor. |
| 942 ## - ADDED ENTRY ELEMENTS (KOHA) | |
| Source of classification or shelving scheme | Dewey Decimal Classification |
| Call number prefix | 909.825 CAM |
| Koha item type | Book - Borrowing |
| Withdrawn status | Lost status | Source of classification or shelving scheme | Damaged status | Not for loan | Collection code | Home library | Current library | Shelving location | Date acquired | Cost, normal purchase price | Serial Enumeration / chronology | Total Checkouts | Total Renewals | Full call number | Barcode | Date last seen | Date checked out | Cost, replacement price | Price effective from | Koha item type | Public note | Source of acquisition |
|---|---|---|---|---|---|---|---|---|---|---|---|---|---|---|---|---|---|---|---|---|---|---|
| Dewey Decimal Classification | Baccah | Central Library | Central Library | Second Floor | 11/01/2015 | 247.00 | 21291 | 1 | 3 | 909.825 CAM | 000037264 | 15/07/2025 | 11/10/2015 | 309.00 | 11/01/2015 | Book - Borrowing | V.3 | |||||
| Dewey Decimal Classification | Baccah | Central Library | Central Library | Second Floor | 22/01/2015 | 264.00 | 21291 | 1 | 6 | 909.825 CAM | 000037361 | 15/07/2025 | 11/10/2015 | 330.00 | 22/01/2015 | Book - Borrowing | V.1 | |||||
| Dewey Decimal Classification | Baccah | Central Library | Central Library | Second Floor | 04/08/2015 | 247.00 | 21782 | 909.825 CAM | 000039010 | 15/07/2025 | 309.00 | Book - Borrowing | V. 2 |